000 00568nam a2200229Ia 4500
001 990
003 GE_BSU
008 181216s||||||||xx |||||||||||||| ||und||
040 _cGE_BSU
080 _a616
100 _aПетров,Р.В.
245 _aИммунология
245 _bУчебное пособие для туд. медиц. ин-тов
260 _aМосква
260 _bМедицина
260 _c1987
300 _a416стр.
541 _h8л.
653 _aИммунология
653 _aмедицина
942 _cBK
999 _c35148
_d35148